000 00554nam a2200229Ia 4500
003 OSt
005 20220924142810.0
006 a|||||r|||| 00| 0
007 ta
008 ASM
024 _a303350
037 _cTextual
040 _aARTS
_cARTS
_bASM
041 _2ASM
_aASM
082 _aO158,3N271,1, L2
100 _aBarkataki Padma
_9214090
245 0 _aRanga ranga rang
260 _c1972
650 _aASSAMESE LITERATURE
_911738
942 _hO158,3N271,1, L2
_cTEXL
_2CC
999 _c452009
_d452009